Statistics for Taylor Swift's Discography from A-Z

Click here to take the quiz!

General Stats

  • This quiz has been taken 267 times
    (125 since last reset)
  • The average score is 137 of 211

Answer Stats

HintAnswer% Correct
All Too Well
92%
#The 1
92%
22
87%
AAfterglow
86%
August
86%
Betty
84%
Fearless
84%
Back to December
83%
Cardigan
83%
The Archer
83%
Bejeweled
81%
Blank Space
81%
Cornelia Street
81%
Exile
81%
Hoax
81%
Lover
81%
Me!
81%
Red
81%
Bad Blood
79%
Daylight
79%
Dress
78%
Evermore
78%
GGetaway Car
78%
KKarma
78%
Lavender Haze
78%
Anti-Hero
76%
Clean
76%
Cruel Summer
76%
Delicate
76%
Endgame
76%
Gorgeous
76%
Invisible
76%
Ours
76%
R...Ready for It?
76%
Speak Now
76%
Tim McGraw
76%
Vigilante Shit
76%
Better than Revenge
75%
Dear John
75%
Dorothea
75%
Illicit Affairs
75%
QQuestion...?
75%
You Belong with Me
75%
You Need to Calm Down
75%
You're On Your Own Kid
75%
All You Had To Do Was Stay
73%
BBabe
73%
Better Man
73%
Champagne Problems
73%
Enchanted
73%
Invisible String
73%
King of My Heart
73%
Long Live
73%
Marjorie
73%
Maroon
73%
Our Song
73%
PPaper Rings
73%
Sparks Fly
73%
The Great War
73%
Don't Blame Me
71%
Epiphany
71%
I Knew You Were Trouble
71%
Innocent
71%
London Boy
71%
Look What You Made Me Do
71%
Peace
71%
The Man
71%
We Are Never Ever Getting Back Together
71%
Begin Again
70%
Bigger than the Whole Sky
70%
Dear Reader
70%
Fifteen
70%
Glitch
70%
I Forgot That You Existed
70%
LLabyrinth
70%
Mad Woman
70%
Mine
70%
Mirrorball
70%
Picture to Burn
70%
The Last Great American Dynasty
70%
Welcome to New York
70%
Castles Crumbling
68%
DDancing With Our Hands Tied
68%
EElectric Touch
68%
Midnight Rain
68%
Miss Americana & The Heartbreak Prince
68%
Out of the Woods
68%
Snow on the Beach
68%
So It Goes...
68%
Wildest Dreams
68%
Would've Could've Should've
68%
CCall It What You Want
67%
Death By A Thousand Cuts
67%
Forever & Always
67%
HHappiness
67%
High Infidelity
67%
Love Story
67%
My Tears Ricochet
67%
NNever Grow Up
67%
New Romantics
67%
Ronan
67%
Style
67%
This is Why We Can't Have Nice Things
67%
Wonderland
67%
Breathe
65%
Coney Island
65%
Cowboy Like Me
65%
Everything Has Changed
65%
Gold Rush
65%
Haunted
65%
Last Kiss
65%
Mastermind
65%
New Years Day
65%
No Body, No Crime
65%
Seven
65%
Stay Stay Stay
65%
Superman
65%
TTeardrops on My Guitar
65%
The Story of Us
65%
This is Me Trying
65%
Willow
65%
You Are in Love
65%
All of the Girls You Loved Before
63%
Change
63%
FFalse God
63%
Hey Stephen
63%
How You Get the Girl
63%
Ivy
63%
Mean
63%
Paris
63%
Shake It Off
63%
Soon You'll Get Better
63%
Sweet Nothing
63%
Cold as You
62%
Foolish One
62%
I Bet You Think About Me
62%
I Can See You
62%
I Did Something Bad
62%
Right Where You Left Me
62%
Run
62%
SSad Beautiful Tragic
62%
The Best Day
62%
The Lakes
62%
VThe Very First Night
62%
WThe Way I Loved You
62%
This Love
62%
Timeless
62%
Treacherous
62%
White Horse
62%
Hits Different
60%
It's Nice to Have a Friend
60%
JJump then Fall
60%
Long Story Short
60%
Mary's Song (Oh My My My)
60%
Mr Perfectly Fine
60%
State of Grace
60%
Tolerate it
60%
When Emma Falls in Love
60%
You're Not Sorry
60%
Forever Winter
59%
Message in a Bottle
59%
Tis the Damn Season
59%
Bye Bye Baby
57%
Closure
57%
Don't You
57%
I Know Places
57%
I Think He Knows
57%
Starlight
57%
Girl at Home
56%
II Almost Do
56%
I Wish You Would
56%
Should've Said No
56%
The Last Time
56%
UUntouchable
56%
You're Losing Me
56%
Come Back... Be Here
54%
Holy Ground
54%
Nothing New
54%
The Other Side of the Door
54%
The Outside
54%
A Place in This World
52%
Come in with the Rain
52%
Stay Beautiful
52%
Tell Me Why
52%
A Perfectly Good Heart
51%
It's Time to Go
51%
Superstar
51%
The Lucky One
51%
If This Was a Movie
49%
Tied Together With a Smile
49%
I Don't Wanna Live Forever
48%
I'm Only Me When I'm with You
48%
Sweeter than Fiction
48%
That's When
48%
The Moment I Knew
48%
Today Was a Fairytale
48%
All Too Well 10 Minute Version
46%
YYou All Over Me
46%
Carolina
44%
Crazier
43%
Eyes Open
41%
We Were Happy
41%
OOnly the Young
38%
Safe & Sound
38%
Beautiful Ghosts
35%
Christmas Tree Farm
33%
MMacavity
33%
Beautiful Eyes
32%
I Heart ?
29%
Christmases When You Were Mine
27%
Christmas Must Be Something More
27%

Score Distribution

Percentile by Number Answered

Percent of People with Each Score

Your Score History

You have not taken this quiz since the last reset